|
|
|
|
| LEADER |
00000nam0a2200000 4500 |
| 001 |
361808 |
| 005 |
20231102011427.0 |
| 035 |
|
|
|a (RuTPU)RU\TPU\retro\19154
|
| 090 |
|
|
|a 361808
|
| 100 |
|
|
|a 20210702d1979 m y0rusy50 ca
|
| 101 |
0 |
|
|a rus
|
| 102 |
|
|
|a RU
|
| 105 |
|
|
|a a j 001zy
|
| 200 |
1 |
|
|a Пограничный слой и турбулентные струи
|e учебное пособие для вузов
|f И. В. Белов
|g Уральский политехнический институт им. С. М. Кирова
|
| 210 |
|
|
|a Свердловск
|c Изд-во УПИ
|d 1979
|
| 215 |
|
|
|a 84 с.
|c ил.
|
| 320 |
|
|
|a Библиогр.: с. 82
|
| 606 |
1 |
|
|a Пограничный слой
|x Исследование
|2 stltpush
|3 (RuTPU)RU\TPU\subj\49522
|9 68309
|
| 606 |
1 |
|
|a Турбулентных струй теория
|2 stltpush
|3 (RuTPU)RU\TPU\subj\59507
|9 77023
|
| 610 |
1 |
|
|a учебные пособия
|
| 610 |
1 |
|
|a уравнения
|
| 610 |
1 |
|
|a методы
|
| 610 |
1 |
|
|a расчеты
|
| 610 |
1 |
|
|a турбулентный пограничный слой
|
| 610 |
1 |
|
|a профильное сопротивление
|
| 610 |
1 |
|
|a свободная турбулентность
|
| 610 |
1 |
|
|a теория Рейхардта
|
| 675 |
|
|
|a 532.526
|v 4
|
| 675 |
|
|
|a 532.51
|v 4
|
| 700 |
|
1 |
|a Белов
|b И. В.
|g Игорь Владимирович
|
| 712 |
0 |
2 |
|a Уральский политехнический институт им. С. М. Кирова
|c (Свердловск)
|c (1948-1992)
|2 stltpush
|3 (RuTPU)RU\TPU\col\1982
|9 23638
|
| 801 |
|
1 |
|a RU
|b 63413507
|c 20210702
|
| 942 |
|
|
|c BK
|